000
00291nam a22001097a 4500
008
160624b xxu||||| |||| 00| 0 eng d
100
_9
851
_a
Bean, B
245
_a
The Master and the Labourer
260
_a
nos
_b
Sovela Kert Gregh
_c
1979
300
_a
The Master and the Labourer
942
_2
ddc
_c
BK
999
_c
675
_d
675